000 00658nam a2200229Ia 4500
001 9451
003 GE_BSU
008 181216s||||||||xx |||||||||||||| ||und||
040 _cGE_BSU
080 _a821.353.1–1
100 _aმაჭავარიანი,მუხრან
245 _aთქვი
245 _bლექსები
245 _cრედ.შ.ნიშნიანიძე.მხატვ.ო.ჯიშკარიანი
260 _aთბილისი
260 _bმერანი
260 _c1971
300 _a298გვ.15მ.
653 _aთქვი
653 _aლექსები
942 _cBK
999 _c42745
_d42745